000 00213nam a22000977a 4500
999 _c16086
_d16086
003 OSt
008 191029b ||||| |||| 00| 0 eng d
100 _anandanar
_94535
245 _aOru kudumbam pirakunnu
942 _cBK